Khandan-E-Naw Bakhti (Record no. 931)

MARC details
000 -LEADER
fixed length control field 00571nam a2200241 a 4500
020 ## - INTERNATIONAL STANDARD BOOK NUMBER
ISBN
082 00 - DEWEY DECIMAL CLASSIFICATION NUMBER
Classification number 297.82
Author Cutter IQB
100 ## - MAIN ENTRY--AUTHOR NAME
Author name Iqbal, Abba
245 ## - TITLE STATEMENT
Title Khandan-E-Naw Bakhti
260 ## - PUBLICATION, DISTRIBUTION, ETC. (IMPRINT)
Place of publication Tehran
Name of publisher Majlis Press
Year of publication 1899
300 ## - PHYSICAL DESCRIPTION
Number of Pages 297p
500 ## - GENERAL NOTE
General note includes index and biblioraphy
505 2# - FORMATTED CONTENTS NOTE
Formatted contents note Vol.3, 2 Copies and Vol.4
650 ## - SUBJECT ADDED ENTRY--TOPICAL TERM
Topical Term Shiah-Naubakhti
942 ## - ADDED ENTRY ELEMENTS (KOHA)
Koha item type Books
700 1# -
-- Iqbal, Abba
Holdings
Collection code Home library Current library Date acquired Cost, normal purchase price Full call number Accession Number Koha item type
  Henry Martyn Institute Library Henry Martyn Institute Library 06/28/2007 100.00 297.82 IQB 04435 Books
                   Copyright © 2026 | Henry Martyn Institute | Hyderabad | TS-500052 | INDIA | Implemented by hmi.edu.in
Hit-Count:

Powered by Koha